000 00650nam a2200265Ia 4500
003 OSt
005 20220912152748.0
006 a|||||r|||| 00| 0
007 ta
008 220909b |||||||| |||| 00| 0 eng d
024 _a35506
037 _cTextual
040 _aCSL
_beng
_cCSL
041 _aeng
082 _aD65,8(B)0bX:8, L31
100 _aLucas Harold
245 0 _aComputers in business studies
260 _c1973
300 _ap.
_ccm.
500 _aAppendix 214--232p
650 _a Management
650 _aEngineering
942 _hD65,8(B)0bX:8, L31
_cTEXL
_2CC
999 _c91593
_d91593